Pokémon quatrième génération - Les deux premières lettres ! - Statistiques

Statistiques générales
  • Ce quiz a été pris 289 fois
  • Le résultat moyen est 84 sur 107
Statistiques - réponses
Numéro Pokédex Pokémon % Correct
392 Simiabraz
98%
432 Chaffreux
97%
431 Chaglam
97%
409 Charkos
97%
413 Cheniselle
97%
412 Cheniti
97%
391 Chimpenfeu
97%
441 Pijako
96%
395 Pingoléon
96%
393 Tiplouf
96%
468 Togekiss
96%
389 Torterra
96%
387 Tortipouss
96%
388 Boskara
94%
465 Bouldeneu
94%
453 Cradopaud
94%
482 Créfadet
94%
481 Créfollet
94%
480 Créhelf
94%
488 Cresselia
94%
401 Crikzik
94%
483 Dialga
94%
461 Dimoret
94%
410 Dinoclier
94%
390 Ouisticram
94%
417 Pachirisu
94%
484 Palkia
94%
414 Papilord
94%
394 Prinplouf
94%
424 Capidextre
93%
445 Carchacrok
93%
444 Carmache
93%
400 Castorno
93%
467 Maganon
93%
429 Magirêve
93%
462 Magnézone
93%
473 Mammochon
93%
490 Manaphy
93%
438 Manzaï
93%
458 Babimanta
92%
411 Bastiodon
92%
425 Baudrive
92%
493 Arceus
91%
487 Giratina
91%
471 Givrali
91%
437 Archéodong
90%
436 Archéomire
90%
491 Darkrai
90%
489 Phione
89%
470 Phyllali
89%
398 Étouraptor
87%
396 Étourmi
87%
397 Étourvol
87%
454 Coatox
86%
430 Corboss
86%
463 Coudlangue
86%
443 Griknot
86%
426 Grodrive
86%
402 Mélokrik
86%
399 Keunotor
85%
448 Lucario
85%
457 Luminéon
85%
404 Luxio
85%
405 Luxray
85%
403 Lixy
84%
478 Momartik
80%
479 Motisma
80%
435 Moufflair
80%
434 Moufouette
80%
447 Riolu
80%
485 Heatran
75%
466 Élekable
74%
486 Regigigas
72%
492 Shaymin
70%
408 Kranidos
66%
439 Mime Jr.
66%
407 Roserade
66%
406 Rozbouton
66%
418 Mustébouée
64%
419 Mustéflott
64%
451 Rapion
63%
416 Apireine
61%
415 Apitrini
61%
452 Drascore
59%
422 Sancoki
58%
456 Écayon
57%
460 Blizzaroi
55%
459 Blizzi
55%
427 Laporeille
54%
477 Noctunoir
54%
474 Porygon-Z
54%
423 Tritosor
54%
446 Goinfrex
51%
420 Ceribou
50%
421 Ceriflor
50%
475 Gallame
50%
428 Lockpin
50%
455 Vortente
50%
442 Spiritomb
49%
476 Tarinorme
49%
440 Ptiravi
48%
450 Hippodocus
47%
449 Hippopotas
47%
469 Yanmega
42%
464 Rhinastoc
41%
472 Scorvol
41%
433 Korillon
38%
Aucun quiz correspondant
Distribution des résultats
% des personnes avec chaque résultat
Percentile par nombre de réponses
Votre historique - résultats
Vous n’avez pas pris ce quiz